00262nam a2200109Ia 4500008004100000100002500041245002700066260001900093650001500112942000800127999001700135190216s9999||||xx |||||||||||||| ||und|| aSharma & Agarwal 0aBank Recruitment Tests bArun Prakashan aReferences cREF c35590d35590